|
|
|
|
| LEADER |
00000nam0a2200000 4500 |
| 001 |
297156 |
| 005 |
20231102000959.0 |
| 035 |
|
|
|a (RuTPU)RU\TPU\book\322276
|
| 090 |
|
|
|a 297156
|
| 100 |
|
|
|a 20150605d1984 m y0rusy50 ca
|
| 101 |
0 |
|
|a rus
|
| 102 |
|
|
|a RU
|
| 105 |
|
|
|a a j 001zy
|
| 200 |
1 |
|
|a Физико-химические процессы при очистке воды
|e лабораторный практикум по физической химии
|f М. Ф. Родичева, Е. Н. Покровская
|g Московский инженерно-строительный институт (МИСИ) ; под ред. А. А. Аскадского
|
| 210 |
|
|
|a Москва
|c Изд-во МИСИ
|d 1984
|
| 215 |
|
|
|a 109 с.
|c ил.
|
| 320 |
|
|
|a Библиогр.: с. 106
|
| 606 |
1 |
|
|a Сточные воды
|2 stltpush
|3 (RuTPU)RU\TPU\subj\57118
|9 74982
|
| 610 |
1 |
|
|a очистка
|
| 610 |
1 |
|
|a бинарные смеси
|
| 610 |
1 |
|
|a разгонка
|
| 610 |
1 |
|
|a экстракция
|
| 610 |
1 |
|
|a растворы
|
| 610 |
1 |
|
|a электролиты
|
| 610 |
1 |
|
|a электропроводимость
|
| 610 |
1 |
|
|a электродвижущие силы
|
| 610 |
1 |
|
|a потенциометрия
|
| 610 |
1 |
|
|a ионометрия
|
| 610 |
1 |
|
|a адсорбция
|
| 610 |
1 |
|
|a коллоидные системы
|
| 610 |
1 |
|
|a электрокинетические явления
|
| 610 |
1 |
|
|a лабораторные практикумы
|
| 610 |
1 |
|
|a учебные пособия
|
| 675 |
|
|
|a 628.3(076.5)
|v 3
|
| 700 |
|
1 |
|a Родичева
|b М. Ф.
|g Майя Филипповна
|
| 701 |
|
1 |
|a Покровская
|b Е. Н.
|g Елена Николаевна
|
| 702 |
|
1 |
|a Аскадский
|b А. А.
|4 340
|
| 712 |
0 |
2 |
|a Московский инженерно-строительный институт (МИСИ)
|c (1921-1993)
|2 stltpush
|3 (RuTPU)RU\TPU\col\7908
|
| 801 |
|
1 |
|a RU
|b 63413507
|c 20150605
|
| 801 |
|
2 |
|a RU
|b 63413507
|c 20180529
|g RCR
|
| 942 |
|
|
|c BK
|